00402nam a22001337a 450000500170000002000210001703500230003808200100006110000180007124500510008926000330014027000670017330000280024020180705100443.0 a8189093673c0.00 aB-161998, B-161982 a651.3 aBhatia, R.C.  aPrinciple of Office Management cby Bhatia.R.C aNew DelhibLotus Pressc2005 a4263/3, Ansari Road, Darta Ganj, New Delhi bNew Delhie110002 axvii, 411p.c23cm, (Hb)